[Event "1st Guwahati GM Open 2022"]
[Site "Guwahati"]
[Date "2022.03.15"]
[Round "3.14"]
[White "Rios, Cristhian Camilo"]
[Black "Praloy Sahoo"]
[Result "1-0"]
[WhiteElo "2449"]
[BlackElo "2047"]
[Annotator "TA"]
[PlyCount "63"]
[EventDate "2022.03.15"]
[EventCountry "IND"]
[SourceTitle "playchess.com"]
[Source "ChessBase"]
[SourceQuality "1"]

{[%evp 10,63,12,3,28,22,91,41,43,50,78,89,169,81,88,76,77,101,110,50,51,55,86,80,87,-37,98,93,105,75,77,58,121,118,164,159,176,165,218,218,237,227,270,268,262,0,265,7,457,364,643,641,631,606,728,657]} 1. d4 d5 2. c4 c6 3. Nf3 Nf6 4. Qc2 g6 5. Bf4 Bg7 6. e3 Bf5 {D11: Slav Defence: 3 Nf3 sidelines and 3...Nf6 4 e3 Bg4.} 7. Qb3 Bxb1 (7... Qb6 $11) 8. Rxb1 (8. Qxb7 $16 Nbd7 9. Rxb1) 8... Qa5+ {White is slightly better.} 9. Nd2 $1 Ne4 {[%csl Ge4][%cal Ra5d2] [#]} 10. Rd1 {[#]} O-O $146 (10... Nxd2 $16 {is a better defense.} 11. Rxd2 Qb6) ({Predecessor:} 10... b6 11. cxd5 O-O 12. Bc4 b5 13. Bd3 Nxd2 14. Rxd2 a6 15. Bxb8 Raxb8 16. dxc6 Rbc8 {1-0 (59) Sipos,J (2259)-Frank,J (2186) Hungary 2011}) 11. cxd5 (11. Qxb7 $18 {is more deadly.} Na6 12. cxd5 (12. Qxe7 Nb4 $11)) 11... Nd7 12. Qxb7 Nxd2 13. Rxd2 Qxd5 14. f3 ({White should play} 14. Qb3 $16) 14... Nb6 $14 15. Qa6 e5 16. dxe5 Qc5 17. Bd3 ({Better is} 17. Qa3 $16 Qxa3 18. bxa3) 17... Nd5 (17... Qc1+ 18. Rd1 Qc5 19. O-O $16) (17... Bxe5 $15 18. Bh6 Bg7 19. Bxg7 Qc1+ 20. Rd1 (20. Ke2 Qxh1 21. Bxf8 Qxg2+ 22. Ke1 Qg1+ 23. Bf1 Qxe3+ 24. Qe2 Qxe2+ 25. Bxe2 Kxf8 $15) 20... Qxe3+ 21. Be2 Kxg7) 18. Qc4 $16 Qb6 19. Qe4 Rad8 20. Ke2 f5 (20... Kh8 $14) 21. exf6 $1 Rfe8 {Inhibits Qe6+.} 22. Qc4 $18 ({Worse is} 22. fxg7 Rxe4 23. fxe4 Nxf4+ 24. exf4 Kxg7 $11) 22... Bxf6 {[#] White must now prevent ...Kg7.} 23. Be4 $1 Kg7 (23... Re6 {might work better.}) 24. Bxd5 Rxd5 25. Rhd1 {[%cal Bh1d1,Bd1d2,Bd2d6,Bd6d7][%mdl 32]} ({Much less strong is} 25. Rxd5 $6 cxd5 26. Qb3 (26. Qxd5 g5 $11) 26... Qxb3 27. axb3 Rc8) 25... Rxd2+ 26. Rxd2 Re7 27. h3 $2 (27. Kd1 $18) 27... h6 $2 {[%mdl 8192]} (27... g5 $11 {and Black has nothing to worry.}) 28. b3 $2 (28. Kd1 $18) 28... Bg5 $2 {[%mdl 8192] Black cannot hold the game after this.} (28... g5 $11 {and Black is okay.}) 29. Rd6 Rxe3+ $2 (29... Bxf4 30. Qxf4 Kh7) 30. Bxe3 {White is clearly winning.} Qxe3+ 31. Kf1 Bf6 32. Rd7+ {Weighted Error Value: White=0.48/Black=0.76} 1-0

[Event "1st Guwahati GM Open 2022"]
[Site "Guwahati"]
[Date "2022.03.15"]
[Round "3.15"]
[White "Shyaamnikhil P"]
[Black "Shiva Pavan Teja Sharma U"]
[Result "1-0"]
[WhiteElo "2442"]
[BlackElo "2022"]
[Annotator "TA"]
[PlyCount "127"]
[EventDate "2022.03.15"]
[EventCountry "IND"]
[SourceTitle "playchess.com"]
[Source "ChessBase"]
[SourceQuality "1"]

{[%evp 18,127,9,3,4,-18,0,-18,0,-3,18,14,20,4,8,3,11,13,2,12,8,8,2,4,0,0,24,-11,-12,-15,0,0,2,9,6,6,16,0,4,4,87,87,87,92,96,96,120,99,99,99,99,99,99,89,253,253,253,253,245,245,245,245,304,304,304,289,256,248,248,248,248,248,248,248,241,208,208,186,186,186,186,186,186,179,179,179,181,179,179,179,29965,29967,29970,29972,29974,29975,29976,29977,29977,29978,29978,29979,29979,29978,29978,29977,29977,29977,29992,29993,29993,29994]} 1. e4 c6 2. c4 d5 3. exd5 cxd5 4. cxd5 Nf6 5. Nc3 Nxd5 6. Nf3 e6 7. d4 Be7 8. Bd3 Nc6 9. O-O O-O 10. Qe2 Ncb4 {D42: Queen's Gambit Declined: Semi-Tarrasch: 5 cxd5 Nxd5 6 e3 Nc6 7 Bd3 .} 11. Bc4 b6 {[#]} 12. Ne4 $146 (12. a3 $5 {[%cal Ra3b4]} Nxc3 13. bxc3 $11) ({Predecessor:} 12. a3 Nxc3 13. bxc3 Nd5 14. Bd2 Bb7 15. Rfc1 Qc7 16. Ne5 Bd6 17. Bd3 Bxe5 18. dxe5 {0-1 (44) Milev,Z-Krogius,N Varna 1960}) 12... Nf6 {The position is equal.} 13. a3 Nxe4 14. Qxe4 Ba6 15. Bxa6 Nxa6 16. Bf4 {And now Qb7 would win.} Nc7 17. Bxc7 Qxc7 18. Rac1 Qd8 19. Ne5 Bf6 20. Nc6 {[%cal Be5c6,Bc6a7,Ba7b5][%mdl 32]} Qd6 21. Rc3 Rac8 22. Nxa7 (22. Rh3 $5 h6 23. Nxa7 $11) 22... Rxc3 23. bxc3 Qxa3 (23... Qd7 $5 24. Nc6 Rc8 $11) 24. Nb5 Qb3 25. Qc6 h6 26. g3 Rd8 27. Ra1 ({Much worse is} 27. Qxb6 Rd5 28. c4 (28. Qb8+ Bd8 $17) 28... Rxd4 $1 $15) 27... Kh7 28. Nd6 ({Avoid the trap} 28. Qxb6 $2 Rd5 29. Qc6 Rxb5 $19) 28... Rxd6 29. Qxd6 $16 {Qc6 is the strong threat.} Qxc3 $11 {[%mdl 4096] Endgame KQR-KQB} 30. Rd1 Qc2 31. Rf1 Qd3 32. Qxb6 Bxd4 33. Qb1 Qxb1 34. Rxb1 $16 {KR-KB} h5 35. Rb4 Bc5 {Loses the game.} (35... e5 $16 {keeps fighting.}) 36. Rb5 $18 Bd4 37. Rxh5+ Kg6 38. Rb5 {[%cal Bh5b5,Bb5b4,Bb4c4][%mdl 32]} Kh6 39. Kg2 g5 40. Rb4 Bc5 41. Rc4 Bd6 42. h4 gxh4 43. gxh4 Kg6 44. Kh3 Be7 45. Rg4+ Kh6 46. Rg8 Bc5 47. Kg3 Kh7 48. Rc8 Bd4 49. Rc4 Bb6 50. f4 Bd8 51. Kg4 Kg6 52. Rc8 Bf6 53. Rc6 {[%cal Of4f5] White wants to mate with f5+!} Kh7 $2 {[#]} (53... Kg7 $18 54. Rd6 Be7) 54. h5 $1 {[%cal Bh4h5,Bh5h6][%mdl 32] White mates.} Kg7 55. f5 exf5+ 56. Kxf5 Bb2 {[#]} 57. h6+ $1 Kh7 58. Kg5 Bd4 59. Kh5 Be3 60. Rf6 Kg8 61. Rf3 Bd4 62. Rd3 Be5 63. Rd8+ Kh7 64. Rf8 {Weighted Error Value: White=0.03 (flawless) /Black=0.23 (precise)} 1-0

[Event "1st Guwahati GM Open 2022"]
[Site "Guwahati"]
[Date "2022.03.15"]
[Round "3.16"]
[White "Singh, Soram Rahul"]
[Black "Abdisalimov, Abdimalik"]
[Result "0-1"]
[WhiteElo "2006"]
[BlackElo "2435"]
[Annotator "TA"]
[PlyCount "76"]
[EventDate "2022.03.15"]
[EventCountry "IND"]
[SourceTitle "playchess.com"]
[Source "ChessBase"]
[SourceQuality "1"]

{[%evp 9,76,6,5,6,16,16,33,16,18,27,106,97,95,95,100,33,24,16,31,21,16,26,33,0,0,-20,-4,-35,-2,-8,12,0,0,-23,-15,-23,-23,-23,-23,-24,7,-87,-87,-120,-104,-120,-103,-245,-251,-311,-306,-393,-380,-391,-396,-450,-438,-897,-418,-588,-581,-575,-573,-632,-629,-627,-615,-811,-809]} 1. d4 Nf6 2. c4 e6 3. Nc3 Bb4 4. Qc2 b6 5. e4 c5 $1 6. d5 {E32: Nimzo-Indian: Classical (4 Qc2): 4...0-0.} exd5 7. exd5 Qe7+ 8. Qe2 {[#] White is slightly better.} Bxc3+ $146 ({Predecessor:} 8... Ne4 9. Bd2 Bxc3 10. Bxc3 Nxc3 11. Qxe7+ Kxe7 12. bxc3 d6 13. Bd3 Nd7 14. Nf3 Nf6 {0-1 (71) Stirpe,C (2029)-Groenewold,J (2175) Erice 2013}) 9. bxc3 Ne4 {To avoid Bg5} (9... Qxe2+ $11 {remains equal.} 10. Nxe2 Kd8) 10. f3 $16 Nd6 (10... Nxc3 $2 11. Qxe7+ Kxe7 12. a4 $18 (12. Bb2 Na4 $14)) 11. Bf4 Qxe2+ 12. Bxe2 (12. Nxe2 $16 Nxc4 13. Ng3) 12... Nb7 $14 13. Nh3 {[%cal Bg1h3,Bh3f2,Bf2e4][%mdl 32]} d6 14. Nf2 Nd7 15. Ne4 Ke7 16. Nd2 Ne5 17. Nb3 f6 18. a4 Bf5 19. Kd2 {Prevents Nd3.} Rhb8 20. Ra2 Ng6 21. Bg3 Na5 $1 22. Nxa5 bxa5 23. Bd3 {To avoid Bb1} Bxd3 24. Kxd3 Kd7 25. Kc2 (25. h4 $11 {keeps the balance.}) 25... Re8 $17 26. Rd1 {[#]} Rab8 $1 27. Rd2 f5 {[%cal Bf6f5,Bf5f4][%mdl 32]} 28. h3 {White does not recover from this.} (28. h4 $17) 28... f4 $19 29. Bh2 {[#]} Re1 $1 30. g3 ({Of course not} 30. Rb2 Rxb2+ 31. Kxb2 Rh1 $19) 30... Ne5 $1 {[%csl LRc4,LRf3]} 31. gxf4 Nxc4 {White must now prevent ...Ne3+.} 32. Rf2 Ne3+ 33. Kd3 (33. Kd2 $142 Rd1+ 34. Ke2) 33... Nxd5 (33... c4+ $142 34. Kd4 Rc8) 34. Rg2 (34. Rfe2 {is a better defense.} Reb1 35. Rac2) 34... Re3+ {Black is clearly winning.} 35. Kd2 Rxf3 36. Rxg7+ Kc6 {Threatens to win with ...Rf2+.} 37. Rc2 Rb1 {Strongly threatening ...Rf2+.} 38. Rg2 {To avoid Rf2+} Ne3 {Weighted Error Value: White=0.52/Black=0.21 (precise)} 0-1

[Event "1st Guwahati GM Open 2022"]
[Site "Guwahati"]
[Date "2022.03.15"]
[Round "3.17"]
[White "Nitin, S.."]
[Black "Arnav Maheshwari"]
[Result "1-0"]
[WhiteElo "2427"]
[BlackElo "1934"]
[Annotator "TA"]
[PlyCount "95"]
[EventDate "2022.03.15"]
[EventCountry "IND"]
[SourceTitle "playchess.com"]
[Source "ChessBase"]
[SourceQuality "1"]

{[%evp 9,94,29,30,29,27,28,30,16,38,25,27,23,55,43,61,47,106,106,87,96,105,88,101,58,85,69,62,65,63,47,40,37,29,26,68,5,25,21,151,161,222,202,202,173,163,181,174,141,136,135,173,130,129,130,166,166,160,160,178,166,345,181,181,166,166,166,267,267,276,283,366,243,1140,1083,5897,5809,29994,29995,29995,29996,29996,29997,29997,29998,29998,29999,29999]} 1. e4 c5 2. Nf3 d6 3. d4 cxd4 4. Qxd4 a6 5. h3 Nc6 6. Qe3 {B53: Sicilian: 2...d6: Lines with Qxd4.} Nf6 7. c4 g6 8. Be2 {White has an edge.} Bg7 9. Nc3 O-O 10. O-O Be6 11. Rd1 Qc7 12. Rb1 {[#]} (12. Nd5 {is interesting.} Qd8 13. Bd2 Nd7 14. Rab1 f6 15. b3) 12... Ne5 $146 ({Black should try} 12... b5 $14) ({Predecessor:} 12... Na5 13. b3 Rfc8 14. Bb2 Rab8 15. Rbc1 b6 16. Nd5 Bxd5 17. cxd5 Qa7 18. b4 Nb7 {½-½ (68) Mazi,L (2327)-Berke,A (2179) Grohote 2021}) 13. Nxe5 $16 dxe5 14. b3 Rfd8 15. Bb2 Rac8 16. Na4 (16. Nd5 $16 Bxd5 17. exd5) 16... Nd7 17. Rbc1 h5 18. Ba3 Re8 19. c5 Kh7 20. Qf3 {[%cal Oc5c6]} Bh6 21. Rc3 {[%cal Oc5c6]} Nb8 (21... Nf6 $11 {was preferrable.}) 22. Bc4 (22. Nb6 $14) 22... Bxc4 $11 23. Rxc4 {aiming for Nb6.} e6 {[#]} (23... Kg7 $1 $11 {keeps the balance.}) 24. c6 $1 $16 {[%cal Od1d7] Rd7! is the strong threat.} bxc6 (24... Rcd8 {was worth a try.}) 25. Bd6 $18 Qa7 26. Bxe5 Bg7 27. Bxg7 Kxg7 28. Nc5 e5 29. Qc3 $36 {[%mdl 2048] White is on the roll. White is much more active.} ({But not} 29. Rd6 Qe7 30. Rd2 Red8 $16) 29... Kg8 30. Qa5 (30. Rb4 $18 {And now Rb7 would win.} Qe7 31. Rb7) 30... Qe7 $16 31. Rc2 Rcd8 32. Rcd2 Rxd2 33. Rxd2 Qg5 34. Rd1 Qf4 $2 (34... Qe7 35. Rd3 Rc8) 35. Qc3 (35. Qc7 $142) 35... Qg5 36. b4 h4 37. a4 {[%cal Ba2a4,Ba4a5][%mdl 32]} Qh5 (37... Kg7 $142 38. Rd6 Qf4) 38. Qd3 $18 Kg7 39. a5 Re7 40. Rd2 {[#] Threatens to win with Qd8.} Qg5 $2 (40... Re8 41. Nxa6 Nxa6) 41. Qd8 Qf4 42. Qxe7 {Threatening mate with Ne6+.} Qxd2 43. Ne6+ {White mates.} Kh7 44. Qxf7+ Kh6 45. Qf8+ Kh5 46. Qh8+ Qh6 47. Qxe5+ g5 48. Nf4# {Weighted Error Value: White=0.16 (very precise) /Black=0.39} 1-0

[Event "1st Guwahati GM Open 2022"]
[Site "Guwahati"]
[Date "2022.03.15"]
[Round "3.18"]
[White "Pradip, Ghosh"]
[Black "Gholami Orimi, Mahdi"]
[Result "0-1"]
[WhiteElo "1974"]
[BlackElo "2420"]
[Annotator "TA"]
[PlyCount "38"]
[EventDate "2022.03.15"]
[EventCountry "IND"]
[SourceTitle "playchess.com"]
[Source "ChessBase"]
[SourceQuality "1"]

{[%evp 9,38,-22,-17,-18,-13,-21,-13,-34,-21,-28,-25,-41,-47,-30,-16,-70,-53,-63,-66,-62,-58,-65,-66,-207,-204,-200,-197,-371,-388,-358,-354]} 1. e4 e5 2. Nc3 Nf6 3. g3 d5 4. exd5 Nxd5 5. Nge2 Nxc3 6. Nxc3 {C26: Vienna Game: 2...Nf6, sidelines .} Nc6 7. Bg2 Be6 8. d3 {The position is equal.} Qd7 9. Be3 {[#]} h5 $146 {[%cal Bh7h5,Bh5h4,Bh4h3][%mdl 32]} ({Predecessor:} 9... O-O-O 10. Qd2 h5 11. O-O-O Bb4 12. f4 exf4 13. Bxf4 Nd4 14. Kb1 Nb5 15. Rhe1 Bxc3 16. bxc3 {1-0 (48) Jacobsen,F (2046)-Kovachev,D (2289) Oslo 2014}) 10. a3 h4 11. Qd2 h3 (11... O-O-O {is interesting.} 12. O-O-O h3 13. Be4 Nd4 14. Rhf1 f5) 12. Bf3 (12. Be4 $1 $11) 12... Nd4 $36 {[%mdl 2048] Black has good play.} 13. Bxd4 ({Avoid the trap} 13. Bxb7 $2 Rb8 14. Bxd4 exd4 $19) 13... exd4 14. Ne4 O-O-O $1 15. O-O Bd5 $1 16. Qf4 {This move loses the game for White.} (16. Qd1 $15) 16... f5 $19 17. Nd2 {[#]} Bd6 $1 18. Qxd4 (18. Qg5 Bxf3 19. Nxf3) 18... Bxf3 19. Nxf3 Qc6 $1 {[%csl LRc2,LRf3] Weighted Error Value: White=0.34/Black=0.02 (flawless)} 0-1

[Event "1st Guwahati GM Open 2022"]
[Site "Guwahati"]
[Date "2022.03.15"]
[Round "3.19"]
[White "Gusain, Himal"]
[Black "Imtiaz, Islam Bora"]
[Result "1-0"]
[WhiteElo "2408"]
[BlackElo "2004"]
[Annotator "RC"]
[PlyCount "151"]
[EventDate "2022.03.15"]
[EventCountry "IND"]
[SourceTitle "playchess.com"]
[Source "ChessBase"]
[SourceQuality "1"]

1. b3 Nf6 2. Bb2 g6 3. g3 Bg7 4. Bg2 O-O 5. Nf3 c5 6. c4 d6 7. d4 cxd4 8. Nxd4 d5 9. O-O dxc4 10. bxc4 Qb6 11. Qb3 Nfd7 12. Rd1 Nc6 13. Nxc6 Bxb2 14. Nxe7+ Kg7 15. Nxc8 Qxb3 16. axb3 Bxa1 17. Bxb7 Raxc8 18. Bxc8 Nc5 19. Bg4 Nxb3 20. Na3 Bf6 21. Rb1 Nc5 22. Rb5 Be7 23. Nc2 a6 24. Ra5 Rb8 25. Kg2 Bf8 26. Bf3 Rb2 27. Ne1 Rb4 28. Nd3 Rxc4 29. Nxc5 Rxc5 30. Rxa6 h5 31. Ra7 Re5 32. e3 Re7 33. Ra2 Rc7 34. Bd5 Be7 35. e4 h4 36. e5 hxg3 37. hxg3 f6 38. exf6+ Bxf6 39. Kh3 Rd7 40. Be4 Re7 41. Ra4 g5 42. Kg4 Re5 43. f3 Re7 44. Rc4 Re5 45. Rc6 Re7 46. Bd5 Ra7 47. Be6 Ra4+ 48. Bc4 Ra7 49. Rc8 Be7 50. Kh5 Bf6 51. Rg8+ Kh7 52. Rg6 Be7 53. Bd3 Kh8 54. Be4 Rb7 55. Rh6+ Kg8 56. Rh7 Ra7 57. Kg4 Kf8 58. Bd5 Ra5 59. Rf7+ Ke8 60. Rf5 Ra4+ 61. Kh5 Ra6 62. Bc4 Rf6 63. Bb5+ Kf8 64. Kxg5 Rxf5+ 65. Kxf5 Kg7 66. Ke6 Bd8 67. f4 Bc7 68. Bd3 Bb8 69. Bb5 Bc7 70. Be8 Bb8 71. Kf5 Ba7 72. Bh5 Bf2 73. g4 Be3 74. g5 Bc1 75. Kg4 Bd2 76. f5 1-0

[Event "1st Guwahati GM Open 2022"]
[Site "Guwahati"]
[Date "2022.03.15"]
[Round "3.20"]
[White "Shahil Dey"]
[Black "Trailokya, Nanda"]
[Result "1-0"]
[WhiteElo "2400"]
[BlackElo "1973"]
[Annotator "TA"]
[PlyCount "60"]
[EventDate "2022.03.15"]
[EventCountry "IND"]
[SourceTitle "playchess.com"]
[Source "ChessBase"]
[SourceQuality "1"]

{[%evp 18,60,36,43,66,21,27,23,45,36,36,39,42,33,56,0,0,10,14,11,31,20,21,0,21,-18,7,8,25,0,37,19,23,37,45,-7,93,110,509,517,566,-306,82,48,1034]} 1. e4 c5 2. Nc3 Nc6 3. Nge2 Nf6 4. d4 cxd4 5. Nxd4 d6 6. Bg5 e6 7. Qd2 a6 8. O-O-O Bd7 {8...Bd7 scores better than 8...h6.} 9. f3 Rc8 10. Kb1 b5 {B67: Sicilian: Richter-Rauzer: 7...a6 8 0-0-0 Bd7, lines without 9 f4 Be7.} 11. Nxc6 (11. g4 $14 {was preferrable.}) 11... Bxc6 $11 12. Ne2 {[#]} Qb6 $146 {White has an edge.} ({Predecessor:} 12... Be7 13. Nd4 Bd7 14. h4 h5 15. Bd3 Qb6 16. Be3 Qc7 17. Bg5 Rb8 18. f4 b4 {1-0 (49) Macovei,A (2453)-Harsha,B (2509) Chess.com INT 2020}) 13. Nd4 Bb7 14. g4 Nd7 15. Bg2 Ne5 16. Rhe1 (16. b3 $1 $14) 16... h6 17. Bh4 g5 18. Bf2 {[%cal Od4e6]} Qd8 19. h4 Be7 20. Rh1 Bf6 21. b3 Rg8 (21... Ng6 {looks sharper.} 22. hxg5 hxg5 23. Rxh8+ Bxh8 24. Bf1 Nf4) 22. hxg5 hxg5 23. Rh7 {[%cal Od4e6] Hoping for Nxe6!} Bc6 24. Ne2 d5 25. Qe1 {f4 is the strong threat.} Qc7 26. Ng3 ({Better is} 26. Nd4 $1 $14 Ba8 27. exd5 Bxd5 28. Bg3) 26... dxe4 {[#]} (26... Bb7 $11 {keeps the balance.} 27. Qd2 Nd7) 27. Nh5 $1 $16 ({Of course not} 27. Nxe4 $6 Bxe4 28. Qxe4 Nd7 $15) 27... Bh8 {[%mdl 8192] [#]} (27... Be7 $16) 28. Bc5 $1 $18 {[%cal Oh7h8] White threatens Rxh8! and mate.} Nd7 29. Bf2 {[%mdl 8192]} (29. Bd6 $18 Qa7 30. fxe4) 29... Ne5 $2 ({Not} 29... exf3 $2 30. Bg3 Qb7 31. Qf2 $19) (29... Bb7 $19 {[%csl Gc8][%cal Rc7c2]} 30. c4 exf3) 30. fxe4 {Threatens to win with Bc5. White is more active.} Ra8 $2 {[%mdl 8192] Weighted Error Value: White=0.34/Black=0.87} (30... Ba8 $14 31. Qd2 Rd8) 1-0

[Event "1st Guwahati GM Open 2022"]
[Site "Guwahati"]
[Date "2022.03.16"]
[Round "4.1"]
[White "Ponkratov, Pavel"]
[Black "Shyaamnikhil P"]
[Result "1/2-1/2"]
[WhiteElo "2641"]
[BlackElo "2442"]
[Annotator "TA"]
[PlyCount "85"]
[EventDate "2022.03.15"]
[EventCountry "IND"]
[SourceTitle "playchess.com"]
[Source "ChessBase"]
[SourceQuality "1"]

{[%evp 11,85,28,39,29,41,34,52,46,53,13,48,52,36,38,34,32,55,-42,59,0,0,0,0,-19,-6,-15,-10,-8,-22,-15,-16,-16,-8,-4,0,0,0,0,0,0,0,0,0,0,0,0,0,-27,20,0,52,-34,33,-3,-1,-2,-8,-4,-4,0,-8,-2,-9,-89,-47,-33,-42,-302,-284,-534,-83,-79,-87,-71,-65,-66]} 1. e4 c5 2. Nf3 d6 3. d4 cxd4 4. Nxd4 Nf6 5. Nc3 a6 6. h3 Nc6 7. g4 {B90: Sicilian Najdorf: Unusual White 6th moves, 6 Be3 Ng4 and 6 Be3 e5.} Qb6 8. Nb3 e6 9. g5 {White is slightly better.} Nd7 {[#]} 10. Bg2 $146 ({Predecessor:} 10. h4 Qc7 11. f4 b5 12. a3 Be7 13. Bg2 Bb7 14. h5 h6 15. g6 O-O 16. Be3 {0-1 (28) Andreikin,D (2728)-Korobov,A (2685) Yasnaya Polyana 2021}) 10... h6 11. gxh6 gxh6 12. Be3 Qc7 13. f4 b5 14. Qh5 (14. a3 $14) 14... Nb6 (14... Rg8 $15 15. Rg1 Bb7) 15. Bxb6 (15. O-O-O $1 $14) 15... Qxb6 $11 16. O-O-O Rg8 17. Rd2 {And now e5 would win.} Bb7 {White should prevent ...b4.} 18. f5 Rg5 19. Qe2 b4 $1 20. Nd1 a5 $1 {Strongly threatening ...a4.} 21. fxe6 fxe6 {aiming for ...a4.} 22. h4 $132 {[%mdl 2048] White is fighting back} Re5 23. Kb1 Ba6 24. Qf3 O-O-O 25. Nc1 Kb8 26. Nd3 Bxd3 27. Qxd3 h5 28. Rf2 {[%cal Of2f8,Bd2f2,Bf2f7,Bf7h7][%mdl 32] Threatens to win with Rxf8!} Be7 29. Rf7 Rf8 (29... Rc5 $142 30. Rh7 Ne5) 30. Rh7 Rg8 (30... a4 $11) 31. Ne3 (31. Bf3 $1 $14) 31... Rc5 ({Black should try} 31... d5 $15) 32. Qd2 {[%cal Oe4e5] [#]} (32. Bf1 $5 {[%cal Re3c4]}) 32... Rc3 $1 33. Nd1 Rcg3 34. Bf1 Qc5 35. Be2 Rg1 36. Rxg1 {The board is on fire.} ({Of course not} 36. Rxh5 Rxh1 37. Rxc5 dxc5 $17) 36... Rxg1 37. Bxh5 (37. Qd3 $11 {keeps the balance.}) 37... Bf6 (37... Bxh4 $17 38. e5 Qxe5) 38. Qd3 Bg7 {Hoping for ...Ne5.} 39. a4 $2 {[%mdl 8192] [#]} ({Don't blunder} 39. Qa6 $2 Qd4 $1 40. Qb5+ Kc7 41. Rxg7+ Qxg7 $19) (39. Be2 $1 $15) 39... bxa3 $1 $19 40. Qb3+ (40. Qxa3 {was called for.} Nb4 41. c3 Qxh5 42. Qxb4+ axb4 43. Rxh5 Rxd1+ 44. Kc2) 40... Qb4 $2 (40... Nb4 $19 41. bxa3 {[#]} Qxh5 $3 {[%mdl 512]} 42. Qxb4+ axb4 43. Rxh5 Rxd1+ 44. Ka2 Ra1+ 45. Kb3 bxa3) 41. bxa3 Qxb3+ 42. cxb3 Nd4 43. b4 {Weighted Error Value: White=0.32/Black=0.25 (precise)} 1/2-1/2

[Event "1st Guwahati GM Open 2022"]
[Site "Guwahati"]
[Date "2022.03.16"]
[Round "4.2"]
[White "Delgado Ramirez, Neuris"]
[Black "Nitin, S.."]
[Result "1-0"]
[WhiteElo "2615"]
[BlackElo "2427"]
[Annotator "TA"]
[PlyCount "65"]
[EventDate "2022.03.15"]
[EventCountry "IND"]
[SourceTitle "playchess.com"]
[Source "ChessBase"]
[SourceQuality "1"]

{[%evp 9,65,0,2,13,0,-11,0,-8,21,-4,51,41,60,70,101,35,38,44,34,35,31,31,42,8,31,19,33,29,93,94,94,95,89,50,102,79,132,64,58,56,47,39,98,90,107,89,87,98,143,144,150,136,247,250,783,783,783,783]} 1. e4 c5 2. Nf3 d6 3. d4 cxd4 4. Qxd4 Nf6 5. c4 g6 6. Nc3 {B53: Sicilian: 2...d6: Lines with Qxd4.} Bg7 7. h3 O-O 8. Qe3 {The position is equal.} Nbd7 9. Be2 {[#]} Nb6 $146 ({Black should play} 9... b6 $11) ({Predecessor:} 9... b6 10. O-O Bb7 11. Rd1 Qb8 12. Rb1 Re8 13. b4 a6 14. Bb2 e6 15. Rd2 Qc7 {1-0 (40) Styazhkina,A (2289)-Paehtz,E (2475) Moscow 2019}) 10. Rb1 $14 Bd7 11. b3 Nh5 12. Nd2 (12. O-O $16) 12... Nf4 13. Qxf4 Bxc3 14. Qe3 Bg7 15. O-O Qc7 16. Ba3 Bc6 17. Bb2 e5 18. Rbd1 f5 (18... Rfd8 $11 {keeps the balance.}) 19. c5 $16 dxc5 20. Qxc5 Rac8 21. Bf3 Kh8 (21... Rfd8 $14) 22. Qa5 Rcd8 ({Better is} 22... Nd7 23. Qxc7 (23. Qxa7 Ra8 $11) 23... Rxc7) 23. Ba3 ({Avoid the trap} 23. Qxa7 $2 Ra8 24. Qxa8 Rxa8 $19) (23. exf5 $16 Rxf5 24. Ne4 (24. Qxa7 $2 Ra8 $19)) 23... Rfe8 $14 24. Nc4 {And now Bd6 would win.} (24. Qxa7 $2 Ra8 25. Bd6 Qd8 $19) 24... fxe4 25. Be2 {[%cal Bf3e2,Be2g4,Bg4c8][%mdl 32]} Rd4 (25... Rd5 $14 26. Bc5 (26. Qxa7 Nxc4 27. Rxd5 Nxa3 $11) 26... Bh6) 26. Bd6 $16 Qf7 {[%cal Rb6c4]} 27. Bxe5 Rxd1 28. Rxd1 {[#] Nd6 is the strong threat.} Rf8 (28... Nxc4 $142 29. Bxc4 Qe7 30. Bxg7+ Kxg7) 29. Qc5 Nc8 30. Bg4 {Strongly threatening Bxc8.} e3 (30... Qe7 $16 31. Bxg7+ Kxg7) 31. Qxe3 $18 {Hoping for Bxc8. Active counter play!} Bb5 $2 (31... Qe7 32. Bxc8 Rxc8 33. Bxg7+ Qxg7 34. Qxa7 Kg8) 32. Bxc8 Bxc4 {[#]} 33. Rd7 $1 {Weighted Error Value: White=0.12 (very precise) /Black=0.24 (precise)} 1-0

[Event "1st Guwahati GM Open 2022"]
[Site "Guwahati"]
[Date "2022.03.16"]
[Round "4.3"]
[White "Abdisalimov, Abdimalik"]
[Black "Stany, G.A."]
[Result "1/2-1/2"]
[WhiteElo "2435"]
[BlackElo "2517"]
[Annotator "TA"]
[PlyCount "58"]
[EventDate "2022.03.15"]
[EventCountry "IND"]
[SourceTitle "playchess.com"]
[Source "ChessBase"]
[SourceQuality "1"]

{[%evp 23,58,0,5,0,0,0,-3,-11,0,0,0,-3,0,0,0,0,29,3,15,12,14,14,18,17,16,18,27,9,9,9,9,9,9,9,9,9,10]} 1. d4 d5 2. c4 c6 3. cxd5 cxd5 4. Nc3 Nf6 5. Bf4 Nc6 6. e3 Bf5 7. Nf3 e6 8. Bd3 Bxd3 9. Qxd3 Bd6 10. Bxd6 Qxd6 11. O-O O-O 12. Rfc1 Rac8 13. Na4 {D14: Slav Defence: Exchange variation with ...Bf5.} Rc7 14. Nc5 Rfc8 15. Rc3 {[#]} Na5 $146 ({Predecessor:} 15... Nb4 16. Qb5 b6 17. Qxb4 bxc5 18. dxc5 Rxc5 19. Rac1 Rxc3 20. Rxc3 Qxb4 21. Rxc8+ Qf8 22. Rxf8+ Kxf8 {0-1 (85) Lundvik,J (2208)-Hjelm,N (2313) Sweden 2012}) 16. Rac1 b6 17. Qa6 {[%cal Oc5e6] [#] And now Nxe6! would win.} h6 18. Ne5 {[%cal Oc5e6] Strongly threatening Nxe6!} Ne8 19. Nb3 Rxc3 20. bxc3 Nxb3 21. axb3 Rc7 22. c4 Qb4 23. Qa2 dxc4 24. bxc4 Nd6 {[%cal Be8d6,Bd6e4,Be4d2][%mdl 32]} 25. g3 {aiming for Nd3.} Ne4 {The position is equal.} 26. Kg2 f6 27. Nd3 Qd2 28. Qxd2 Nxd2 29. c5 bxc5 {An even fight not without its subleties.  Weighted Error Value: White=0.02 (flawless) /Black=0.04 (flawless)} 1/2-1/2